| 000 | 01653nam0a2200349 4500 | ||
|---|---|---|---|
| 001 | RU\NLR\bibl\1700106 | ||
| 005 | 20260406162109.0 | ||
| 010 |
_a978-5-699-35595-2 _bв пер. _96500 |
||
| 021 |
_aRU _b2009-45307 _9544д/2010 |
||
| 035 | _a(nilc)RSL-KNO-004747063 | ||
| 035 | _a(NLR Aleph) 001691191 | ||
| 090 |
_a1161845 _c1161845 |
||
| 100 | _a20090529d2009 |||y0rusy50 ca | ||
| 101 | 0 | _arus | |
| 102 | _aRU | ||
| 105 | _aa zzzz||||| | ||
| 200 | 1 |
_aСказки по телефону _e[для старшего дошкольного возраста] _fДжанни Родари _gрис. Владимира Канивца |
|
| 210 |
_aМосква _cЭксмо _d2009 |
||
| 215 |
_a76, [3] с. _cцв. ил. _d22 |
||
| 327 | 1 | _aСодерж.: Страна без углов ; Незадачливый охотник ; Рассеянный мальчик ; Небывалый дождь ; Дом из мороженного ; Сбежавший нос ; Масляные человечки ; Синий светофор и другие самые лучшие и любимые сказки | |
| 686 |
_aШ9(2)70(4Ит) _2rubbk |
||
| 686 | _aШ9(4Ит)60-4 | ||
| 700 | 1 |
_4070 _8rus _7ca _aРодари _bД. _f1920-1980 _gДжанни _3RU\NLR\auth\779111 _9118978 |
|
| 702 | 1 |
_4040 _8rus _7ca _aКанивец _bВ. М. _cхудожник-иллюстратор _f1957- _gВладимир Михайлович _3RU\NLR\AUTH\7761776 _944706 |
|
| 801 | 0 |
_aRU _bРГБ _c20090529 _grcr |
|
| 801 | 1 |
_aRU _bРГБ _c20090529 |
|
| 801 | 2 |
_aRU _bNLR _c20101115 _grcr |
|
| 942 | _cBOOK | ||
| 980 | _aNB | ||